| 000 | 00369nam a2200145Ia 4500 | ||
|---|---|---|---|
| 005 | 20250313110045.0 | ||
| 008 | 240331s9999 xx 000 0 und d | ||
| 082 |
_bEEL _a894 |
||
| 245 | 0 | _aEelathu samakala thamil ilakkiyam | |
| 260 |
_aNugegoda _bvibavi Cultural Centre |
||
| 300 | _aviii, 86 p ., | ||
| 650 | _aTamil Illakiyam | ||
| 700 |
_aVibavi. _eedt |
||
| 942 | _cL | ||
| 999 |
_c4257 _d4257 |
||